Semiologías en/desde el desierto

El presente texto es una compilación de artículos publicados, algunos en revistas de corriente principal y otros como textos de apoyo a la docencia de pre y postgrado. La motivación fundamental en la mayor parte de ellos es la preocupación por el Lector, así, con mayúscula, desde Iser y Jauss hasta...

Full description

Bibliographic Details
Main Author: Lagos Caamaño, Jorge
Format: Libro
Language:Spanish
Published: Arica: Ediciones Universidad de Tarapacá, 2017.
Subjects:
Online Access:Acceso electrónico al documento

MARC

LEADER 00000cam a22000007a 4500
003 UAHC
005 20191011064440.0
008 180103s2017 cl 00| 0 spa d
952 |0 0  |1 0  |2 ddc  |4 0  |6 401_410000000000000_CAA  |7 0  |8 COMP  |9 91093  |a BC  |b BC  |c General  |d 2018-12-07  |e Donación  |g 7000.00  |l 0  |o 401.41 CAA  |p 1443193  |r 2026-01-13 00:00:00  |t c.1  |v 7000.00  |w 2018-12-07  |y BK 
999 |c 51396  |d 51396 
020 |a 9789567021833 
035 |a CENTRAL 
040 |a UAHC  |c UAHC  |d UAHC 
082 |a 401.41  |b L177  |2 22 
100 |9 5867  |a Lagos Caamaño, Jorge 
245 |a Semiologías en/desde el desierto  |c Jorge Lagos Caamaño. 
260 |a Arica:  |b Ediciones Universidad de Tarapacá,  |c 2017. 
300 |a 323 p. 
520 |a El presente texto es una compilación de artículos publicados, algunos en revistas de corriente principal y otros como textos de apoyo a la docencia de pre y postgrado. La motivación fundamental en la mayor parte de ellos es la preocupación por el Lector, así, con mayúscula, desde Iser y Jauss hasta Umberto Eco; preocupación que partió desde mis años de estudiante de Pedagogía en Castellano hasta la realización de algunos postgrados en filología y ciencias humanas. Ha sido una larga búsqueda de la mayor parte de los recovecos textuales dentro de los cuales bucea el lector empírico tratando de reconstruir el lector modelo para desentrañar de ellos un significado producto de su interpretación, porque, al fin y al cabo, como dice Eco, siempre es interpretación, sea cual sea la índole de los textos. 
650 0 |a Semiótica  |9 417 
650 0 |a Literatura moderna  |x Historia y crítica  |9 9604 
856 |u https://docplayer.es/91561088-Semiologias-en-desde-el-desierto.html  |y Acceso electrónico al documento 
942 |2 ddc  |c BK